First Ladies Names In Common Quiz Stats

 Plays Quiz Updated Jun 17, 2018

Score 0/9 Timer 02:00
0 Plays Today
Number First Ladies % Correct
2Mary Lincoln, Mary Arthur
82.7%
2Martha Washington, Martha Jefferson
77%
3Elizabeth Monroe, Elizabeth Truman, Elizabeth Ford
61.7%
2Abigail Adams, Abigail Fillmore
43.6%
2Sarah Jackson, Sarah Polk
35.1%
2Anna Harrison, Anna Roosevelt
32.3%
2Margaret Taylor, Margaret Wilson
29%
2Edith Roosevelt, Edith Wilson
24.1%
2Julia Tyler, Julia Grant
19.4%

You're not logged in!

Compare scores with friends on all Sporcle quizzes.
OR
Log In

Show Comments

Extras

Top Quizzes Today


Score Distribution

Your Account Isn't Verified!

In order to create a playlist on Sporcle, you need to verify the email address you used during registration. Go to your Sporcle Settings to finish the process.

Report this User

Report this user for behavior that violates our Community Guidelines.

Details: